John Dewey in China (Record no. 78376)
[ view plain ]
| 000 -LEADER | |
|---|---|
| fixed length control field | 01537nam a2200373Ia 4500 |
| 100 1# - MAIN ENTRY--AUTHOR NAME | |
| Personal name | Wang, Jessica Ching-Sze. |
| 245 10 - TITLE STATEMENT | |
| Title | John Dewey in China |
| 260 ## - PUBLICATION, DISTRIBUTION, ETC. (IMPRINT) | |
| Place of publication | Albany : |
| Name of publisher | State University of New York Press, |
| Year of publication | c2007. |
| 300 ## - PHYSICAL DESCRIPTION | |
| Number of Pages | viii, 152 p. |
| 490 1# - SERIES STATEMENT | |
| Series statement | SUNY series in Chinese philosophy and culture |
| 650 #0 - SUBJECT ADDED ENTRY--TOPICAL TERM | |
| Topical Term | Social sciences |
| Topical Term | Education |
| Topical Term | Political science |
| 856 40 - ELECTRONIC LOCATION AND ACCESS | |
| Uniform Resource Identifier | http://site.ebrary.com/lib/rucke/Doc?id=10575830 |
No items available.
